| 000 | 00434nam a2200181Ia 4500 | ||
|---|---|---|---|
| 005 | 20240823053707.0 | ||
| 008 | 240823s9999||||xx |||||||||||||| ||und|| | ||
| 041 | _aENGLISH | ||
| 082 | _A370.15 N2 | ||
| 100 | _aBhatia.H.R | ||
| 245 | 0 | _aElements of Educational Psychology | |
| 250 | _a18th | ||
| 260 |
_c1992 _b"Orient,Hydrabad" |
||
| 500 | _aYES | ||
| 650 |
_aManagement _bManagement Studies |
||
| 942 | _cBK | ||
| 999 |
_c224733 _d224733 |
||